Normal view
MARC view
- Cubol, Mark A.
Entry Personal Name
001 - CONTROL NUMBER
- control field: 57758
003 - CONTROL NUMBER IDENTIFIER
- control field: OSt
005 - DATE AND TIME OF LATEST TRANSACTION
- control field: 20240815084228.0
008 - FIXED-LENGTH DATA ELEMENTS
- fixed length control field: 240815|| aca||aabn | a|a d
040 ## - CATALOGING SOURCE
- Original cataloging agency: OSt
- Transcribing agency: OSt
100 ## - HEADING--PERSONAL NAME
- Personal name: Cubol, Mark A.
670 ## - SOURCE DATA FOUND
- Source citation: Work cat.: (OSt): Mendez, Ralph Jay C. 57755, Pawatch-a web-based adoption and rescue for stray dogs management system of digos city with data analytics /, July 2023.
